00433nam a22001457a 450000500170000000800410001702000150005804100130007308200120008610000360009824500640013426000470019830000170024565000250026220231123084408.0231123b |||||||| |||| 00| 0 eng d a0702135615 aEnglish  a342 CON aChaskalson, M et al. lEnglish  aConstitutional Law of South Africa / cM Chaskalson et al.  aCape Town : bJuta and Company Ltd, c1996 bx, c26 cm.  aLegal practice bLaw